| 000 | 00775nam a22002297a 4500 | ||
|---|---|---|---|
| 999 |
_c12354 _d12354 |
||
| 003 | AR-CdUCM | ||
| 008 | 190403b ||||| |||| 00| 0 spa d | ||
| 020 | _a9972-745-10-4 | ||
| 040 |
_aMUNICIPALIDAD PROVINCIAL DEL CUSCO _cBIBLIOTECA MUNICIPAL DEL CUSCO |
||
| 082 |
_aEP / 372.510 / _bB25 |
||
| 100 |
_aBendezú Vargas, Martha _928537 |
||
| 245 |
_aMundo Matemático 4 : _bLógico-matemática para educación primaria / |
||
| 260 |
_aPerú : _bGrupo Editorial Norma ; _c1998. |
||
| 300 |
_a231 páginas ; _bIlustraciones _c27cm |
||
| 500 | _aEducación primaria | ||
| 505 | _aContenido: Matemática | ||
| 650 |
_aMatemática _921292 |
||
| 650 |
_aEducación primaria _91561 |
||
| 700 |
_aCanales Zavaleta, Claudia _930175 |
||
| 942 |
_2ddc _cLIBROS |
||
| 945 | _arum | ||